La informacin̤ previa en la contratacin̤ de los seguros de personas transparencia, cuestionarios y modelos predictivos /

Bibliographic Details
Main Author: Morillas Jarillo, Mara̕ Još
Format: eBook
Language:Spanish
Published: Madrid: Marcial Pons, 2016
Subjects:
Online Access:Acceso restringido

MARC

LEADER 00000nam a22000007a 4500
005 20220307201851.0
007 cr|||| ||||
008 220307s2016 es |||||s|||| 00||0 spa d
020 |a 978-84-9123-401-2 
035 |a 33632 
040 |a vLex 
090 |c 13059  |d 13059 
100 1 |a Morillas Jarillo, Mara̕ Još 
245 1 2 |a La informacin̤ previa en la contratacin̤ de los seguros de personas  |h [Recurso electrn̤ico] :  |b transparencia, cuestionarios y modelos predictivos /  |c Mara̕ Jos ̌Morillas Jarillo 
256 |a Servicio en ln̕ea 
260 |a Madrid:  |b Marcial Pons,  |c 2016 
300 |a 1 recurso electrn̤ico 
500 |a El enorme volumen de contratacin̤ de los seguros de personas, en sus diferentes clases (vida, accidentes, salud, dependencia y decesos) y el hecho de que, en muchas ocasiones, su contratacin̤ es obligatoria o se ve forzada por la necesidad de contar con otro producto financiero, hacen de los mismos un objeto de estudio preferente. Esta obra trata de los flujos de informacin̤ que, en la etapa de los tratos preliminares, intercambian el asegurador, el tomador y/o el asegurado, clave para que el contrato despliegue su efecto de cobertura, para la transparencia del mercado y para la solvencia de la entidad. La informacin̤ que la legislacin̤ exige que sea suministrada por la aseguradora es ms̀ o menos amplia en funcin̤ de la clase de tomador y de seguro. La regulacin̤ vigente en este punto detalla pormenorizadamente los aspectos del contrato que el legislador considera que deben ser comunicados al tomador para que adopte su decisin̤ con la adecuada informacin̤. La segunda gran corriente transita en sentido contrario y se estructura sobre la base del deber de informacin̤ precontractual que la Ley de Contrato de Seguro concibe como respuesta del tomador al cuestionario del asegurador. Los interrogantes que suscitan las escasas normas al respecto son resueltos de forma muy dispar por una nutrida jurisprudencia, que evidencia la importancia prc̀tica de la materia y las deficiencias del rǧimen legal. Nuevos problemas plantean los cambios en la obtencin̤ y el tratamiento de la informacin̤ previa y su aplicacin̤ para la seleccin̤ del riesgo mediante los modelos predictivos, en la era del big data. Una realidad que obliga a enjuiciar su acomodacin̤, de manera fundamental, a la legislacin̤ antidiscriminacin̤ y de proteccin̤ de datos. 
506 1 |a Disponible solo en los productos indicados  |d vLex Global  |d vLex Global (Academic Edition, excluding Law Schools)  |d vLex Global (U.S. Academic Edition, Law Schools)  |d vLex Global (U.S. Academic Edition, excluding Law Schools)  |d vLex Global (Academic Edition, Law Schools) 
650 0 4 |a Derecho Mercantil y de la Empresa  |z Espaą 
650 0 4 |a Contratos Mercantiles  |z Espaą 
740 0 |a vLex Libros (Servicio en ln̕ea) 
856 4 0 |u https://app.vlex.com/#/sources/33632  |z Acceso restringido 
942 |c BOOK 
999 0 |a Commercial and Company Law 
999 0 |a Commercial Contracts